The Doctors of Grey's Anatomy - Statistics

General Stats
  • This quiz has been taken 3,255 times
    2,614 since last reset
  • The average score is 29 of 56
Answer Stats
Initials Answer % Correct
MG Meredith Grey
99%
AK Alexander 'Alex' Karev
98%
CY Cristina Yang
98%
IS Isobel 'Izzie' Stevens
98%
GO George '007' O'Malley
97%
MB Miranda Bailey
97%
DS Derek 'McDreamy' Shepherd
96%
RW Richard Webber
96%
CT Calliope 'Callie' Torres
89%
AR Arizona Robbins
87%
MS Mark 'McSteamy' Sloan
87%
PB Preston Burke
87%
JA Jackson Avery
86%
OH Owen Hunt
86%
LG Alexandra 'Lexie' Grey
85%
AK April Kepner
85%
AM Addison Montgomery
83%
TA Theodora 'Teddy' Altman
76%
AS Amelia Shepherd
75%
EH Erica Hahn
75%
JK Josephine Karev (Wilson/Stadler)
73%
EG Ellis Grey
67%
MP Margaret 'Maggie' Pierce
62%
SE Stephanie Edwards
57%
CF Catherine Fox (Avery)
55%
BW Benjamin 'Ben' Warren
52%
LM Leah Murphy
52%
SR Shane Ross
51%
AD Andrew Deluca
49%
RA Reed Adamson
48%
CP Charles 'Charlie' Percy
45%
AL Atticus Lincoln
44%
LS Levi Schmitt
44%
HB Heather Brooks
43%
NR Nathan 'Nate' Riggs
41%
NK Nico Kim
34%
TK Thomas Koracick
33%
TH Taryn Helm
31%
CD Carina Deluca
28%
WN Winston Ndugu
28%
MH Megan Eloise Hunt
26%
NM Nicholas 'Nick' Marsh
25%
PB Penelope 'Penny' Blake
22%
CH Cormac Hayes
19%
RS Robert Stark
17%
DQ Dahlia Qadri
15%
EM Eliza Minnick
14%
KB Kai Bartley
14%
NH Nicole Herman
14%
SH Sadie Harris
11%
SB Sam Bello
11%
VR Vikram Roy
10%
CP Casey Parker
8%
IC Isaac Cross
8%
PS Paul Stadler
7%
DH David Hamilton
6%
No matching quizzes found
Score Distribution
Percent of People with Each Score
Percentile by Number Answered
Your Score History
You have not taken this quiz since the last reset